00312nam a2200133Ia 4500008004100000020001500041041001200056082001600068100001400084245004100098260002000139300000700159650001200166221030s9999 xx 000 0 und d a8172247168 aEnglish a105.23bTim aP. R.timm 0aWinning Telephone Tipscby P. R.timm bJaico Pubc1999 a93 aGeneral